<?xml version="1.0" encoding="UTF-8"?>
<record
    xmlns:xsi="http://www.w3.org/2001/XMLSchema-instance"
    xsi:schemaLocation="http://www.loc.gov/MARC21/slim http://www.loc.gov/standards/marcxml/schema/MARC21slim.xsd"
    xmlns="http://www.loc.gov/MARC21/slim">

  <leader>00815nam a22002537a 4500</leader>
  <controlfield tag="005">20170123162350.0</controlfield>
  <datafield tag="010" ind1=" " ind2=" ">
    <subfield code="a">A-521729</subfield>
  </datafield>
  <datafield tag="020" ind1=" " ind2=" ">
    <subfield code="c">6.00</subfield>
  </datafield>
  <datafield tag="035" ind1=" " ind2=" ">
    <subfield code="a">A-521729</subfield>
  </datafield>
  <datafield tag="037" ind1=" " ind2=" ">
    <subfield code="b">Cen Lib/Ret</subfield>
  </datafield>
  <datafield tag="040" ind1=" " ind2=" ">
    <subfield code="a">DPL</subfield>
    <subfield code="b">UR</subfield>
  </datafield>
  <datafield tag="082" ind1=" " ind2=" ">
    <subfield code="a">080</subfield>
    <subfield code="b">&#x646; &#x62E; &#x644; </subfield>
  </datafield>
  <datafield tag="100" ind1=" " ind2=" ">
    <subfield code="a">&#x633;&#x6CC;&#x651;&#x62F; &#x62B;&#x627;&#x642;&#x628; &#x62D;&#x633;&#x646; &#x631;&#x636;&#x648;&#x6CC; </subfield>
    <subfield code="9">119171</subfield>
  </datafield>
  <datafield tag="245" ind1=" " ind2=" ">
    <subfield code="a">/ &#x646;&#x62E;&#x644;&#x633;&#x62A;&#x627;&#x646; </subfield>
    <subfield code="c">&#x633;&#x6CC;&#x651;&#x62F; &#x62B;&#x627;&#x642;&#x628; &#x62D;&#x633;&#x646; &#x631;&#x636;&#x648;&#x6CC; </subfield>
  </datafield>
  <datafield tag="246" ind1=" " ind2=" ">
    <subfield code="a">Nakhlistaan /</subfield>
    <subfield code="b">Saiyad Saqib hasan Rizwi </subfield>
  </datafield>
  <datafield tag="260" ind1=" " ind2=" ">
    <subfield code="a">&#x62C;&#x6D2; &#x67E;&#x631; </subfield>
    <subfield code="b"> &#x631;&#x627;&#x62C;&#x633;&#x62A;&#x6BE;&#x627;&#x646; &#x627;&#x631;&#x62F;&#x648; &#x627;&#x6A9;&#x627;&#x62F;&#x645;&#x6CC;</subfield>
    <subfield code="c">1987</subfield>
  </datafield>
  <datafield tag="270" ind1=" " ind2=" ">
    <subfield code="a">&#x633;&#x628;&#x6BE;&#x627;&#x634; &#x645;&#x627;&#x631;&#x6AF; </subfield>
    <subfield code="b">&#x62C;&#x6D2; &#x67E;&#x631; </subfield>
    <subfield code="e">302001</subfield>
  </datafield>
  <datafield tag="300" ind1=" " ind2=" ">
    <subfield code="a">152p.</subfield>
    <subfield code="c">20cm(pbk)</subfield>
  </datafield>
  <datafield tag="650" ind1=" " ind2=" ">
    <subfield code="a">&#x627;&#x631;&#x62F;&#x648; &#x627;&#x62F;&#x628; </subfield>
    <subfield code="9">135971</subfield>
  </datafield>
  <datafield tag="650" ind1=" " ind2=" ">
    <subfield code="a">&#x627;&#x631;&#x62F;&#x648; &#x627;&#x62F;&#x628; </subfield>
    <subfield code="9">135972</subfield>
  </datafield>
  <datafield tag="650" ind1=" " ind2=" ">
    <subfield code="a">Urdu Literatures</subfield>
    <subfield code="9">135973</subfield>
  </datafield>
  <datafield tag="650" ind1=" " ind2=" ">
    <subfield code="a">Urdu Literatures</subfield>
    <subfield code="9">135974</subfield>
  </datafield>
  <datafield tag="942" ind1=" " ind2=" ">
    <subfield code="2">ddc</subfield>
    <subfield code="c">UR</subfield>
    <subfield code="h">080</subfield>
    <subfield code="m">&#x646; &#x62E; &#x644; </subfield>
  </datafield>
  <datafield tag="999" ind1=" " ind2=" ">
    <subfield code="c">109184</subfield>
    <subfield code="d">109184</subfield>
  </datafield>
  <datafield tag="952" ind1=" " ind2=" ">
    <subfield code="0">0</subfield>
    <subfield code="1">0</subfield>
    <subfield code="4">0</subfield>
    <subfield code="7">0</subfield>
    <subfield code="a">L</subfield>
    <subfield code="b">L</subfield>
    <subfield code="d">2016-02-24</subfield>
    <subfield code="e">Cen Lib/Ref</subfield>
    <subfield code="g">6.00</subfield>
    <subfield code="l">0</subfield>
    <subfield code="o">080 &#x646; &#x62E; &#x644;</subfield>
    <subfield code="p">A-521729</subfield>
    <subfield code="r">2016-02-24 00:00:00</subfield>
    <subfield code="t">1</subfield>
    <subfield code="v">6.00</subfield>
    <subfield code="w">2016-02-24</subfield>
    <subfield code="y">UR</subfield>
  </datafield>
</record>
